[Event "Olympiad-42"]
[Site "Baku"]
[Date "2016.09.05"]
[Round "4.4"]
[White "Grischuk, Alexander"]
[Black "Volokitin, Andrei"]
[Result "0-1"]
[WhiteElo "2754"]
[BlackElo "2647"]
[Annotator "Marin,M"]
[PlyCount "76"]
[EventDate "2016.09.02"]
[EventType "team-swiss"]
[EventRounds "11"]
[EventCountry "AZE"]
[SourceTitle "CBM 175"]
[Source "ChessBase"]
[SourceDate "2016.11.10"]
[SourceVersion "1"]
[SourceVersionDate "2016.11.10"]
[SourceQuality "1"]
[WhiteTeam "Russia"]
[BlackTeam "Ukraine"]
[WhiteTeamCountry "RUS"]
[BlackTeamCountry "UKR"]

1. Nf3 Nf6 2. g3 g6 3. Bg2 Bg7 4. c4 c6 5. b3 ({The standard way of reaching
the game tabyia is} 5. d4 d5 6. Nbd2 O-O 7. O-O Bf5 8. b3 Ne4 9. Bb2) 5... Ne4
6. d4 d5 7. O-O O-O 8. Bb2 Bf5 9. Nbd2 ({The usual treatment of this position
is} 9. Nc3 {but in a recent game White failed to get an advantage and even
passed through a dangerous moment:} a5 10. e3 Nxc3 11. Bxc3 Nd7 $5 {An
interesting approach. Black refrains from the "obvious" ...Be4 reckoning with
the fact that the bishop will be exposed in the centre.} (11... Be4 12. Qe2 Nd7
13. Rfc1 Nf6 14. Bf1 {This is the standard regrouping which I had learned a
long time ago from Predrag Nikolic' games.} Bxf3 15. Qxf3 Ne4 16. Be1 e5 17.
dxe5 Bxe5 18. Rab1 Qd6 19. Rc2 Qe6 20. Bg2 f5 21. cxd5 Qxd5 22. Rd1 Qf7 23. Qe2
$14 {[%csl Ge1,Gg2]} a4 $6 {Marin,M (2580)-Bluebaum,M (2588) Medias 2015 (1/
2-1/2, 33)} 24. b4 $1) 12. Qe2 Qb6 13. Rfc1 Rfc8 14. h3 Be4 15. Ng5 Bxg2 16.
Kxg2 Nf6 17. Rab1 Qa6 18. a4 h6 19. Nf3 Ne4 20. Be1 e6 21. Rc2 b6 22. Rbc1 c5
23. Qd1 $2 dxc4 24. Rxc4 Qb7 25. dxc5 Rxc5 26. b4 {Meier,G (2648)-Paehtz,E 
(2459) Douglas 2016 (½-½, 31)} Rxc4 27. Rxc4 b5 $1 $17) 9... Qa5 {The queen
incursion is aimed at inducing White to take on e4, which would spare Black a
couple of tempi with respect to Nikolic' plan.} (9... Nd7 10. Nh4 Nxd2 11. Qxd2
Be6 12. e4 dxe4 13. Bxe4 Bh3 14. Rfe1 e6 15. Nf3 (15. Bh1 {Portisch,L-Pachman,
L Moscow 1967 MCL [Dolmatov] (1-0, 40)}) 15... Nf6 16. Bc2 Bf5 17. Ne5 Bxc2 18.
Qxc2 Qa5 19. a4 Rad8 20. b4 Qc7 21. b5 Nd7 22. Nf3 Rc8 23. Rac1 Rfd8 {Giri,A 
(2768)-Kramnik,V (2769) London 2014 (1/2-1/2, 61). Black's regrouping proved
flexible enough to maintain approximate equality.}) 10. e3 (10. Nxe4 Bxe4 11.
Qc1 $5 {is not without venom.} Nd7 12. Rd1 e6 13. Bf1 Bxf3 (13... Rad8 14. Nd2
Bf5 15. Bg2 e5 16. dxe5 Nxe5 17. cxd5 cxd5 18. Nf3 Nxf3+ 19. Bxf3 Rc8 20. Qd2
Qxd2 21. Rxd2 Be4 22. Bg2 $14) 14. exf3 dxc4 15. bxc4 Nb6 {(1-0, 30) Pelletier,
Y (2601)-Cornette,M (2557) Cap d'Agde 2012 CBM 151 [Pelletier]}) (10. a3 {
is a natural reaction to Black's last move but White usually does not hurry
with b3-b4, since this weakens the queenside slightly. The main idea is
keeping this threat in reserve.} Nd7 11. Rc1 Rfc8 12. Nxe4 (12. e3 Ndf6 13. h3
Nxd2 14. Nxd2 Ne4 15. b4 Qd8 16. Nxe4 Bxe4 17. Bxe4 dxe4 18. Qc2 f5 19. Rfd1 e6
{Nepomniachtchi,I (2714)-Dominguez Perez,L (2726) Beijing 2014 (½-½, 43),
with viable play for Black.}) 12... Bxe4 13. Bh3 Bxf3 14. Bxd7 Rd8 15. b4 Qc7
16. Bh3 Be4 17. c5 a5 18. f3 Bf5 19. Bxf5 gxf5 20. e3 Qd7 21. Bc3 axb4 22. Bxb4
(22. axb4 Ra3 {[%cal Gd8a8]}) 22... e5 {Karjakin,S (2782)-Kramnik,V (2803)
Moscow 2013 (1-0, 53) The mutual weaknesses cancel each other out.}) 10... Nd7
11. Qe2 (11. Nxe4 Bxe4 12. Qe2 {really means playing a couple of tempi down.
Here is a game of the classical expert:} Rad8 13. Rfc1 Rfe8 14. Bc3 Qa6 15. Bf1
dxc4 16. bxc4 {Nikolic,P (2661)-Dorfman,J (2617) Germany 2003 (1/2-1/2, 16)} e5
$132) (11. Re1 {Shengelia,D (2525)-Kratschmer,H (2090) Oberwart 2005 (1-0, 54)}
Ndc5 12. Bf1 Rfd8 $36) 11... Rfe8 {Obviously planning ...e7-e5 in the near
future.} (11... Rad8 {, defending the knight, would have avoided the game
complications... but it would have been a pity, wouldn't it?}) 12. Nxe4 {
This is logical only in connection with the next move, based on the fact that
the d7-knight is hanging. But is it really?!} Bxe4 13. Bh3 $146 {An
improvement over a blunder between low rated players and a deviation from
Nikolic' plan.} (13. Ne5 $2 Bxg2 14. Kxg2 Nxe5 15. dxe5 dxc4 $17 {[%csl Ge5]
Smolyaninov,S (1807)-Vyaznikov,S (2280) Tambov 2014 (0-1, 34)}) 13... dxc4 $3 {
A fantastic way of changing the natural course of the game. Black clears the
fifth rank in order to include his queen in the attack.} ({Grischuk might have
expected} 13... Rad8 {but things are not entirely clear here either:} 14. Ng5 (
14. cxd5 cxd5 $2 15. Nh4 $1 $16) (14. Nh4 $6 dxc4 15. bxc4 Nc5 $1 $132 {
[%cal Gc5a4,Ge4d3]} 16. dxc5 $2 Bd3) 14... e5 15. f3 Bf5 16. Bxf5 gxf5 17. f4
h6 18. Nxf7 $5 (18. Nf3 exd4 19. Bxd4 Bxd4 20. Nxd4 Nf6) 18... Kxf7 19. fxe5
Kg8 20. Rxf5 Nf8 {[%csl Ge4][%cal Gf8e6,Ge6g5] with obvious compensation for
White but possibly not more.}) 14. Bxd7 (14. bxc4 Qh5 15. Bg2 (15. Bxd7 Bxf3
16. Qd3 Rad8 $1 $19 {traps the bishop}) 15... b5 $1 (15... e5 $5) 16. Rfc1 (16.
cxb5 cxb5 $15 {[%cal Gh5d5]}) 16... Rab8 17. cxb5 Rxb5 $36) 14... Qh5 15. g4 (
15. Kg2 {allows Black to build up a slow but lethal attack.} Red8 16. Bh3 Rd6 {
[%cal Gd6f6]} 17. Rfc1 (17. Ba3 Rf6 18. g4 Qh6 $1 $19 {avoids the pin after
Bxe7.}) (17. g4 Qh4 18. Ba3 {is more restrictive but insufficient} Rf6 19. Bxe7
Rxf3 20. Bxh4 Rxe3+ 21. Kg1 Rxe2 $19) 17... g5 $1 {[%cal Gd6h6]} (17... Rf6 18.
Kg1 Bxf3 19. Qf1 $17) 18. g4 Qh4 $19) (15. Bxe8 {surely looks dangerous but it
is far from clear if Black has more than adequate compensation or a draw by
repetition?} Bxf3 16. Qxc4 Rxe8 (16... Qh3 $4 17. Qxf7+ Kh8 18. Qxf3 $18) 17.
Rfe1 (17. Rfc1 Bd5 {[%cal Gh5f3]}) 17... Rd8 {[%cal Gd8d5,Rd8d6]} (17... Bd5
18. Qe2 $1) 18. Ba3 Rd5 {[%cal Gh5h2]} 19. Qf1 Qg4 20. Bxe7 Rh5 21. Rac1 Rh3
22. Rc5 Be4 23. Qe2 Bf3 $11) 15... Qh3 16. Ne1 Bd3 $1 17. Nxd3 cxd3 18. Qxd3
Rad8 (18... Red8 {is worse since in similar lines as in the game the a8-rook
would be hanging, preventing the other rook's lift.}) 19. Bxc6 {Quite
ambitious.} (19. Bxe8 {would mean accepting an immediate draw.} Qxg4+ 20. Kh1
Qf3+ 21. Kg1) 19... bxc6 20. Qe4 c5 21. Rad1 ({From the practical point of
view it was better to force Black into taking a decision in the centre at once?
} 21. Rac1 {[%cal Gc1c5]} cxd4 22. Bxd4 Bxd4 23. exd4 Rd6 {The weak Isolani
and the exposed king offer Black excellent compensation but chances remain
balanced.}) 21... h5 $5 {Since nothing is threatening on the queenside, Black
continues his kingside attack.} 22. gxh5 $6 {This weakens the king and the
structure too much.} (22. g5 {was safer:} e6 $1 {[%cal Gd8d5]} 23. Rd3 Rd5 24.
f4 cxd4 25. Bxd4 Red8 $44 {[%csl Rd4,Rg1]}) 22... Qxh5 23. f4 $6 {Probably
overlooking the next move.} ({But play remains pleasant for Black after} 23.
Rd2 e6 24. Rfd1 Rd5 $36) 23... Qe2 $1 24. Ba1 $6 (24. f5 $5 {was the best
chance to retain some counterplay.} Rd6 (24... Qxb2 $6 25. fxg6 {leads to
perpetual}) 25. Ba3 Bxd4 26. Rde1 Qxa2 $36) (24. Ba3 $6 cxd4 25. f5 Qxe3+ $17)
24... cxd4 25. Rde1 (25. Bxd4 Bxd4 26. Rxd4 Rxd4 27. Qxd4 Rc8 {[%cal Gc8c2]
forces} 28. Qd1 $8 Qxe3+) 25... Qg4+ 26. Qg2 (26. Kh1 d3 $17) 26... Qxg2+ 27.
Kxg2 dxe3 {The ending is joyless for White.} 28. Re2 (28. Rxe3 Rd2+ {[%csl Ga2]
}) (28. Bxg7 Rd2+ $1 29. Kf3 Kxg7 $17) 28... Bxa1 (28... Rd2 $5 29. Kf3 Red8
30. Bxg7 Kxg7 31. Kxe3 (31. Ra1 Rxe2 32. Kxe2 Rd2+ 33. Kxe3 Rxh2 $17) 31...
R8d3+ 32. Kf2 Rxe2+ 33. Kxe2 Rh3 34. Rf2 Kf6 $17) 29. Rxa1 e5 30. fxe5 Rxe5 31.
Rae1 Kg7 32. Kg3 ({Possibly the last moment when White had chances for a draw.
} 32. Rxe3 $1 Rxe3 33. Rxe3 Rd2+ 34. Kg3 Rxa2 $17 {Without the queenside pawns
the ending would be objectively drawn but hard to defend in practice. With the
additional pawns, the position requires some additional accuracy.} 35. Re7 Kf6
36. Rb7 Ke6 37. b4 f5 38. h4 Ra3+ 39. Kg2 (39. Kf4 $2 Kf6 $1 40. Rc7 Rh3 41.
Rc6+ Kg7 42. Kg5 Rg3+ 43. Kf4 Rg4+)) 32... Rde8 33. h3 (33. Kf4 Kf6 34. Rxe3 $2
g5+ $1 35. Kf3 g4+ 36. Kf4 Rxe3 37. Rxe3 Rxe3 38. Kxe3 Ke5 39. b4 f5 40. a4 f4+
41. Kd3 Kd5 $19 {[%csl Ga4,Gb4]}) 33... f5 34. Kf3 $2 {Just offering Black
some tempi.} (34. Rc1 {seeking some counterplay was essential.}) 34... Rh8 $1
35. Kg3 g5 36. Rh2 (36. Rxe3 $2 f4+) 36... f4+ 37. Kf3 Kf6 38. Rc1 Kf5 (38...
Kf5 39. b4 Rxh3+ $5 40. Rxh3 g4+ 41. Kg2 gxh3+ 42. Kxh3 Ke4 $19) 0-1

[Event "Olympiad-42"]
[Site "Baku"]
[Date "2016.09.13"]
[Round "11.4"]
[White "Moroni, Luca Jr"]
[Black "Grischuk, Alexander"]
[Result "0-1"]
[WhiteElo "2459"]
[BlackElo "2754"]
[Annotator "Marin,M"]
[PlyCount "80"]
[EventDate "2016.09.02"]
[EventType "team-swiss"]
[EventRounds "11"]
[EventCountry "AZE"]
[SourceTitle "CBM 175"]
[Source "ChessBase"]
[SourceDate "2016.11.10"]
[SourceVersion "1"]
[SourceVersionDate "2016.11.10"]
[SourceQuality "1"]
[WhiteTeam "Italy"]
[BlackTeam "Russia"]
[WhiteTeamCountry "ITA"]
[BlackTeamCountry "RUS"]

1. d4 Nf6 2. c4 g6 3. Nc3 d5 4. Bg5 {Due to the spectacular burst of
popularity of this line some years ago, there is a remarkable number of
annotated games available.} Ne4 5. Bh4 Nxc3 6. bxc3 dxc4 7. e3 Be6 {One of the
main Grünfeld tabyias. Practice has shown that White can retrieve the pawn
only by making some concessions so the trend is towards leaving it on c4 and
relying on the compensation offered by the pressure along the b-file and the
strong mobile centre.} 8. Nf3 Bg7 9. Be2 Nd7 10. O-O Nb6 11. a4 a5 12. Qc2 O-O
13. Bg3 Rc8 $5 $146 {With the obvious aim of preparing ...c7-c5.} (13... Bf5 {
led to a solid but rather passive position after:} 14. e4 Bg4 15. Ne5 Bxe2 16.
Qxe2 Bxe5 17. Bxe5 Qd7 18. Qc2 Nc8 19. Rfb1 c6 {Tomashevsky,E (2701)-Svidler,P
(2750) Dagomys 2010 (1/2-1/2, 19). This is in fact the type of position White
is hoping for. Black is solid but has little chances for counterplay.}) 14.
Rfb1 ({Preventing ...c6-c5 with} 14. e4 {allows} f5 $5 {[%csl Gd5]}) 14... c5 {
This weakens squares along the b-file, but paradoxically White does not have
convincing ways of taking advantage of this, partly because the c3-pawn is
hanging sometimes, partly because there are not so many available squares for
the major pieces.} 15. Qb2 $6 (15. Rb2 {looks like a more natural way of
increasing the pressure, leaving the queen available for the defence of the
c3-pawn. However, this offers Black an essential tempo.} Bd5 $1 16. Rab1 Nd7
17. e4 cxd4 $1 18. Nxd4 (18. cxd4 c3 19. Rb5 Bc6 $17) (18. exd5 d3 $17) 18...
e5 19. Nb5 (19. exd5 exd4 20. cxd4 Bxd4 21. Rxb7 Nc5 22. Rb8 {Taking on d5
would be about equal but Black can keep the fight complicated with} c3 $5)
19... Bc6 20. Bxc4 Nc5 21. f3 Qe7 22. Bd5 Rfd8 23. c4 Bh6 $11 {With mutual
stability and approximate equality.}) (15. Rb5 {is another unsuccessful try?}
cxd4 16. Nxd4 Bd7 17. Rxa5 Na8 18. Rd5 Nb6 $11 19. Rg5 $6 f5 {[%csl Gg5]}) ({
Finally, if} 15. dxc5 Rxc5 16. e4 {preventing ...Bd5, Black can counter with}
f5 $5 {[%csl Rg3][%cal Gf5f4]}) 15... Nd5 {It appears that the threat on b7 is
not real.} 16. Ne5 $6 {This leads to trouble but it may be too late for
satisfactory continuations.} (16. Rc1 {may be better even though it implies a
loss of a tempo.} cxd4 17. Nxd4 Qd7 $5 18. Rd1 (18. Nxe6 Qxe6 {[%csl Gc3]})
18... Bf5 19. Nxf5 gxf5 (19... Qxf5 $2 20. e4 Qxe4 21. Bf3 $18) 20. Bf3 Rc5 21.
Rab1 {and White retains at least some compensation.}) 16... cxd4 17. exd4 f5 (
17... f6 $5 18. Nxc4 f5 {may be an even better way of carrying out the same
plan.} 19. Be5 (19. f3 $2 Nxc3 $1) (19. f4 $2 Nxc3 $1) 19... Bxe5 20. dxe5 Nf4
$36) 18. Qd2 $2 ({Due to the move order chosen by Black, White could have
ensured some stabiity with} 18. f4 $5 {True, Black has a great position after}
Qd6 19. Qd2 (19. Nxc4 $2 Qc6 {[%csl Rc4][%cal Gd5c3,Gd5f4]}) (19. Bxc4 Nxc3 $1
20. Qxc3 Bxc4 21. Nxc4 Bxd4+ $19) 19... b6 {but White should be out of danger.}
) 18... f4 $17 {[%csl Rg3]} 19. Bh4 Bxe5 {Simple play.} (19... Rf5 $5 {allows
White to stay alive for a while with radical measures:} 20. Nf3 (20. f3 Rxe5 $5
21. dxe5 Bxe5 22. Rc1 Nxc3 23. Qxd8+ Rxd8 24. Bf1 Kf7 $17) 20... h6 21. g4 Rf8
22. g5 {[%csl Gb7]} b6 $17) 20. dxe5 h6 21. f3 Qc7 22. Qd4 (22. Bf2 {looks
more logical but it does not change much.} Rfd8 23. Bd4 Ne3 {[%cal Ge3f5]} 24.
Rb5 Rxd4 25. cxd4 (25. Qxd4 Nc2 26. Qb6 Qxb6+ 27. Rxb6 Nxa1 28. Rxe6 Kf7 29.
Rb6 Nb3 30. Rxb7 Nc1 {[%cal Gc1a2,Gc1e2]} 31. Rb2 Rc5 $17 {[%csl Ge5]}) 25...
c3 26. Qe1 Qd8 {[%csl Gd4]}) 22... Ne3 23. Bf2 {Losing the exchange and the
game.} ({But} 23. Ra2 {would not change much.} g5 (23... Nf5 24. Qb6) 24. Bf2
Rfd8 25. Qb6 (25. Qe4 Bf5) 25... Qxb6 26. Rxb6 Nd5 $1 27. Rxe6 Nxc3 28. Rc2
Nxe2+ 29. Rxe2 c3 $19 30. Rc2 Rd1+ 31. Be1 Kf7 32. Rxh6 Rxe1+ 33. Kf2 Ra1)
23... Nc2 24. Qe4 Bf5 25. Qxf4 Nxa1 26. Rxa1 Kh7 27. Bd4 Qc6 28. h4 Bd3 29. Qe3
Bf5 {Probably aimed at "sweetening" Grischuk's customary time trouble.} (29...
Bxe2 30. Qxe2 b5 $17) 30. g4 Bd3 31. Bxd3 cxd3 32. Kg2 h5 33. gxh5 Rf5 34. Qxd3
(34. hxg6+ Qxg6+ 35. Kf2 Qg4 36. Qxd3 (36. Rh1 Rg8) 36... Qxh4+) 34... Rg8 35.
Rf1 gxh5+ 36. Kh2 e6 37. Qc2 Rg6 38. f4 Rg4 39. Qf2 Rfxf4 40. Qc2+ Kg7 0-1

[Event "BL2-Sued 1617"]
[Site "Germany"]
[Date "2017.01.15"]
[Round "4.1"]
[White "Grischuk, Alexander"]
[Black "Sadzikowski, Daniel"]
[Result "1/2-1/2"]
[WhiteElo "2742"]
[BlackElo "2538"]
[PlyCount "59"]
[EventDate "2016.10.16"]
[EventType "team-tourn"]
[EventRounds "9"]
[EventCountry "GER"]
[SourceTitle "EXT 2018"]
[Source "ChessBase"]
[SourceDate "2017.10.13"]
[SourceVersion "1"]
[SourceVersionDate "2017.10.13"]
[SourceQuality "1"]
[WhiteTeam "Deizisau"]
[BlackTeam "Heusenstamm"]
[WhiteTeamCountry "GER"]
[BlackTeamCountry "GER"]

1. e4 c5 2. Nf3 d6 3. d4 cxd4 4. Nxd4 Nf6 5. Nc3 a6 6. Nb3 Nbd7 7. g4 h6 8. Bg2
b5 9. Qe2 Bb7 10. h4 b4 11. Nd5 Nxd5 12. exd5 Nf6 13. a3 Bxd5 14. Bxd5 Nxd5 15.
axb4 Qb6 16. b5 Nc7 17. bxa6 Rxa6 18. Rxa6 Qxa6 19. Qxa6 Nxa6 20. Ke2 h5 21. g5
g6 22. Be3 Bg7 23. Ra1 Nb8 24. Ra7 Bxb2 25. Bd4 Bxd4 26. Nxd4 O-O 27. Rxe7 Rc8
28. Nb5 Nc6 29. Rd7 Ne5 30. Rc7 1/2-1/2

[Event "EU-Cup 32nd"]
[Site "Novi Sad"]
[Date "2016.11.09"]
[Round "4.3"]
[White "Grischuk, Alexander"]
[Black "Naiditsch, Arkadij"]
[Result "0-1"]
[WhiteElo "2751"]
[BlackElo "2686"]
[Annotator "Szabo,Kr"]
[PlyCount "90"]
[EventDate "2016.11.06"]
[EventType "team-swiss"]
[EventRounds "7"]
[EventCountry "SRB"]
[SourceTitle "CBM 176"]
[Source "ChessBase"]
[SourceDate "2017.01.17"]
[SourceVersion "1"]
[SourceVersionDate "2017.01.17"]
[SourceQuality "1"]
[WhiteTeam "Siberia"]
[BlackTeam "Odlar Yurdu"]
[WhiteTeamCountry "RUS"]
[BlackTeamCountry "AZE"]

1. Nf3 Nf6 2. c4 g6 3. Nc3 Bg7 4. e4 d6 5. d4 O-O 6. h3 e5 7. d5 a5 8. Be3 (8.
Bg5 {is the another main move.}) 8... Na6 9. g4 Nc5 ({Grischuk played} 9... Nd7
{with Black,} 10. a3 c6 11. Rg1 Rb8 12. Nd2 Ndc5 13. Rb1 Nd7 14. Qf3 Ndc5 15.
Qd1 Ra8 16. Rg3 Kh8 17. b4 axb4 18. axb4 Nd7 19. Ra1 $1 $14 {
Tomashevsky-Grischuk, Tbilisi 2015, and White has some space advatage, later
he managed to win.}) 10. Nd2 c6 11. Be2 Bd7 12. h4 ({One month ago Naiditsch
had a game with} 12. g5 Ne8 13. Nb3 cxd5 14. exd5 Na4 15. Nd2 Nxc3 16. bxc3 f5
17. gxf6 Bxf6 $36 {Rodshtein-Naiditsch, Douglas 2016, and White has a problem
with his king, Black has an initiative.}) 12... cxd5 13. cxd5 Rc8 14. g5 (14.
h5 $5 {is also possible,} gxh5 (14... b5 $5) 15. gxh5 h6 16. Rg1 Kh7 ({Probably
} 16... Kh8 {is more accurate to avoid the b1-h7 diagonal}) 17. a4 Rg8 18. Bb5
Bxb5 19. Nxb5 Nd3+ (19... Ncxe4 $2 {was a blunder, because} 20. Qb1 $1 $18 {
Mekhitarian-Carneiro, Pocos de Caldas 2015, and Black lost his knight.}) 20.
Ke2 Nf4+ $132 {with a complicated middlegame.}) 14... Nh5 $1 {A very nice
active move! Black sacrifices a pawn, but opens the position, because the
white king is in the middle.} 15. Bxc5 ({Or} 15. Bxh5 gxh5 16. Bxc5 (16. Qxh5
$2 Nd3+ $17) 16... Rxc5 {transposes to the text move.}) 15... Rxc5 16. Bxh5
gxh5 17. Qxh5 b5 18. a4 $6 {A dubious move, because the opening of the
position only helps Black.} (18. a3 {was more solid, but} b4 19. axb4 axb4 20.
Nd1 Qc8 $1 {is also tempting for Black.}) 18... bxa4 $1 {Of course Black opens
the position as much as possible.} 19. Qd1 Qc7 20. Nxa4 Rc2 $1 {Black
penetrates on the 2nd rank with his rook.} 21. O-O f5 (21... f6 $1 $17 {
was more accurate and White can't avoid opening up the kingside.}) 22. b3 $6 (
22. Nc3 $1 {was important to come back with the knight from the edge of the
board,} Rxb2 23. Rc1 {and things look more promising for Black, but White can
still hold the position.}) 22... fxe4 23. Rc1 (23. Nxe4 $2 {could have been
met with the unpleasant} Rf4 $19 {and White can resign.}) 23... Rxc1 24. Qxc1
Qb8 $6 ({Probably} 24... Qb7 $1 {was more accurate to exert pressure on the
d5-pawn, for example} 25. Nc3 Rf4 26. Ncxe4 Qxd5 $17 {and Black is much better.
}) 25. Nc3 Rf4 26. Ncxe4 Rxh4 27. Qc3 $2 {The decisive mistake, which allows
the unpleasant ...Rg4!} (27. f3 $1 $13 {was correct to prevent ...Rg4 and he
can continue the defence with Rf2.}) 27... Rg4+ $1 28. Ng3 Rxg5 29. Nde4 Rg6
$19 {Black has a winning position, he is a pawn up and he is continuing his
attack.} 30. Kg2 Qb5 31. Qc4 Qb7 32. Rc1 h5 33. Kh2 Bg4 (33... h4 $19 {was
also strong.}) 34. f3 Bxf3 35. Nf5 Qa7 $1 {Another strong reply! The queen is
very dangerous on the a7-g1 diagonal.} 36. Rf1 Bg2 37. Nh4 Bxe4 38. Qxe4 (38.
Nxg6 Bxg6 $19 {is also hopeless for White.}) 38... Rg4 39. Qe1 Bh6 40. Nf5 Bf4+
41. Kh1 Qd7 42. Qe4 Kh8 43. Rg1 Rh4+ $1 {Another strong tactical move!} 44. Kg2
(44. Nxh4 Qh3#) 44... Rh2+ 45. Kf3 Qc8 {Nice victory by Naiditsch!} 0-1

[Event "Wch Blitz"]
[Site "Doha"]
[Date "2016.12.29"]
[Round "6"]
[White "Grischuk, Alexander"]
[Black "Wei, Yi"]
[Result "1/2-1/2"]
[WhiteElo "2737"]
[BlackElo "2707"]
[PlyCount "176"]
[EventDate "2016.12.29"]
[EventType "swiss (blitz)"]
[EventRounds "21"]
[EventCountry "QAT"]
[SourceTitle "CBM 176 Extra"]
[Source "ChessBase"]
[SourceDate "2017.03.02"]
[SourceVersion "1"]
[SourceVersionDate "2017.03.02"]
[SourceQuality "1"]

1. Nf3 d5 2. d4 Nf6 3. c4 e6 4. Nc3 c5 5. cxd5 cxd4 6. Qxd4 exd5 7. Bg5 Be7 8.
e3 O-O 9. Be2 Nc6 10. Qd2 Be6 11. O-O h6 12. Bxf6 Bxf6 13. Rfd1 Qb6 14. Rac1
Rfd8 15. Na4 Qc7 16. Nc5 Bg4 17. h3 Bh5 18. Nd3 Bg6 19. Nb4 Be4 20. Nd4 Bxd4
21. exd4 Qd6 22. Nxc6 bxc6 23. Rc5 Rab8 24. Rdc1 Qg6 25. Bf1 Rd6 26. R1c3 Re8
27. Rg3 Qf6 28. Re3 Rde6 29. Ra5 R8e7 30. Qc3 Kh7 31. b4 Rb7 32. a3 Rbe7 33.
Rc5 Rb7 34. a4 Qe7 35. b5 cxb5 36. axb5 Rd7 37. Qd2 Bf5 38. Rxe6 Qxe6 39. Qf4
Qe4 40. Qd2 Re7 41. Rc1 Qe6 42. Qc3 Rb7 43. Re1 Qd6 44. Qc5 Rd7 45. Qxd6 Rxd6
46. f3 Be6 47. Rc1 Rd7 48. Kf2 g6 49. h4 Kg7 50. g4 Kf6 51. Rc6 Ke7 52. Bd3 g5
53. h5 Rd6 54. Rc3 Rd7 55. Kg3 Kd8 56. f4 f6 57. Rc6 Ke7 58. Kf3 Rd6 59. Rc3
Rd7 60. Rc6 Rd6 61. Rc5 Rd7 62. Rc1 Kd8 63. Re1 Rd6 64. Ra1 Rd7 65. Ra6 Ke7 66.
Rc6 Rd6 67. Rc5 Rd7 68. Rc3 Kd8 69. Rc6 Ke7 70. Rc1 Kd8 71. Re1 Rd6 72. Bg6 Bd7
73. Bd3 Rb6 74. Ra1 Bxb5 75. Bxb5 Rxb5 76. Rxa7 Rb3+ 77. Kf2 gxf4 78. Rf7 Rg3
79. Rxf6 Rxg4 80. Kf3 Rh4 81. Rd6+ Ke7 82. Rxd5 Ke6 83. Ra5 Kd6 84. Re5 Kc6 85.
Ke4 f3+ 86. Kxf3 Rxd4 87. Re6+ Rd6 88. Rxd6+ Kxd6 1/2-1/2